[Event "C.to Italiano U16"]
[Site "Arvier ITA"]
[Date "2003.07.02"]
[Round "2"]
[White "Borsato, Federico"]
[Black "Navarro, Stefano"]
[Result "0-1"]
[WhiteElo "1600"]
[BlackElo "2125"]
[PlyCount "80"]
[EventDate "2003.07.01"]

1. e4 c5 2. Nf3 Nc6 3. d4 cxd4 4. Nxd4 Nf6 5. Nc3 e6 6. Bc4 Bb4 7. Qd3 Ne5 8.
Qe2 Qc7 9. Ndb5 Qxc4 10. Qxc4 Nxc4 11. Nc7+ Kd8 12. Nxa8 Nxe4 13. O-O Nxc3 14.
bxc3 Bxc3 15. Rb1 b6 16. Rd1 Bb7 17. Nxb6 axb6 18. Rd3 Be5 19. f3 Kc7 20. Be3
Nxe3 21. Rxe3 Bd4 22. Kf2 Ra8 23. Ke2 Bxe3 24. Kxe3 Rxa2 25. Kd3 Ba6+ 26. Kd2
Kc6 27. g3 Kc5 28. Rb3 Bc4 29. Rb1 b5 30. f4 b4 31. Kd1 d5 32. g4 d4 33. h4 d3
34. cxd3 Bxd3 35. Rc1+ Kd4 36. f5 b3 37. fxe6 fxe6 38. g5 b2 39. g6 bxc1=R+ 40.
Kxc1 Kc3 0-1

[Event "C.to Italiano U16"]
[Site "Arvier ITA"]
[Date "2003.07.02"]
[Round "2"]
[White "Bove, Alessandro"]
[Black "Bartolini, Leonardo"]
[Result "1-0"]
[WhiteElo "2129"]
[BlackElo "1600"]
[PlyCount "57"]
[EventDate "2003.07.01"]

1. e4 e6 2. d4 d5 3. Nc3 dxe4 4. f3 e3 5. Bxe3 Nf6 6. Bd3 Be7 7. Qd2 b6 8.
O-O-O Bb7 9. h4 Nbd7 10. Nh3 Nd5 11. Nxd5 Bxd5 12. Kb1 Nf6 13. Nf4 Bb7 14. c4
Qd7 15. Qc2 Ba6 16. g4 O-O-O 17. c5 Bxd3 18. Nxd3 Qb5 19. a4 Qe8 20. Qc4 Kb8
21. Rc1 Ka8 22. Ne5 Nd5 23. Bf2 Bf6 24. Rhd1 Bxe5 25. dxe5 Rc8 26. Rd3 Qe7 27.
a5 bxc5 28. Bxc5 Qxh4 29. Qa6 1-0

[Event "C.to Italiano U16"]
[Site "Arvier ITA"]
[Date "2003.07.02"]
[Round "2"]
[White "Della Corte, Marco"]
[Black "Fossati, Remigio"]
[Result "0-1"]
[WhiteElo "1630"]
[BlackElo "2201"]
[PlyCount "66"]
[EventDate "2003.07.01"]

1. e4 c5 2. Nf3 e6 3. d4 cxd4 4. Nxd4 Nf6 5. f3 a6 6. Bg5 d6 7. Bc4 Nc6 8. Qd2
Be7 9. Nc3 O-O 10. h4 d5 11. exd5 exd5 12. Bb3 Nxd4 13. Qxd4 Be6 14. O-O-O Qa5
15. g4 Rac8 16. Rd3 Rfd8 17. h5 Rc4 18. Qf2 Nxg4 19. fxg4 Bxg5+ 20. Kb1 Rxg4
21. Rf1 Rf4 22. Rf3 Rxf3 23. Qxf3 Qc5 24. Rd1 Qe3 25. Qg2 d4 26. Bxe6 dxc3 27.
Rxd8+ Bxd8 28. Bxf7+ Kxf7 29. Qxb7+ Be7 30. Qd5+ Qe6 31. Qf3+ Qf6 32. Qd5+ Kf8
33. Qa8+ Bd8 0-1

[Event "C.to Italiano U16"]
[Site "Arvier ITA"]
[Date "2003.07.02"]
[Round "2"]
[White "Gorini, Tommaso"]
[Black "Pagan, Nicolo'"]
[Result "1-0"]
[WhiteElo "1801"]
[BlackElo "1600"]
[PlyCount "43"]
[EventDate "2003.07.01"]

1. e4 c6 2. d4 d5 3. Nc3 dxe4 4. Nxe4 Bf5 5. Ng3 Bd7 6. Nf3 Nf6 7. Bd3 e6 8.
Qe2 Qc7 9. Nf5 c5 10. O-O Nc6 11. dxc5 O-O-O 12. Nd6+ Bxd6 13. cxd6 Qxd6 14.
Bg5 h6 15. Bh4 g5 16. Bg3 Qe7 17. Ne5 Nd5 18. Ba6 Be8 19. Qc4 Nb6 20. Nxc6 Nxc4
21. Nxa7+ Kd7 22. Bb5# 1-0

[Event "C.to Italiano U16"]
[Site "Arvier ITA"]
[Date "2003.07.02"]
[Round "2"]
[White "Rastelli, Riccardo"]
[Black "Vecchi, Eugenio"]
[Result "0-1"]
[WhiteElo "1600"]
[BlackElo "1798"]
[PlyCount "74"]
[EventDate "2003.07.01"]

1. d4 Nf6 2. c4 g6 3. Nc3 d5 4. Bg5 c6 5. e3 Bg7 6. Bd3 Qa5 7. Bxf6 Bxf6 8.
Nge2 e5 9. dxe5 Bxe5 10. cxd5 O-O 11. dxc6 Rd8 12. Qc2 Nxc6 13. a3 Nb4 14. axb4
Qxa1+ 15. Qb1 Qxb1+ 16. Bxb1 Be6 17. Be4 Bc4 18. Bxb7 Rab8 19. Bf3 Rxb4 20. O-O
Rxb2 21. Re1 Rdd2 22. h3 Rbc2 23. Ne4 Rxe2 24. Bxe2 Rxe2 25. Rc1 Bd5 26. Nc5
Ra2 27. Nd3 Ra1 28. Rxa1 Bxa1 29. Nb4 Be6 30. Nc6 a6 31. Nb4 a5 32. Nc2 Bb2 33.
Kf1 Bb3 34. Ne1 a4 35. Nd3 Bc4 36. Ke2 a3 37. Kd2 Bxd3 0-1

[Event "C.to Italiano U16"]
[Site "Arvier ITA"]
[Date "2003.07.02"]
[Round "3"]
[White "Battaglia, Edoardo"]
[Black "Gorini, Tommaso"]
[Result "1/2-1/2"]
[WhiteElo "1642"]
[BlackElo "1801"]
[PlyCount "34"]
[EventDate "2003.07.01"]

1. e4 e5 2. d4 exd4 3. Qxd4 Nc6 4. Qe3 Nf6 5. Nc3 Bb4 6. Bd2 O-O 7. O-O-O Re8
8. Bc4 Bxc3 9. Bxc3 Nxe4 10. Qf4 Nf6 11. Nf3 d6 12. Ng5 Be6 13. Bd3 h6 14. h4
Nd5 15. Bh7+ Kh8 16. Rxd5 Bxd5 17. Be4 Rxe4 1/2-1/2

[Event "C.to Italiano U16"]
[Site "Arvier ITA"]
[Date "2003.07.02"]
[Round "3"]
[White "Bernardini, Luca"]
[Black "Bove, Alessandro"]
[Result "0-1"]
[WhiteElo "1663"]
[BlackElo "2129"]
[PlyCount "144"]
[EventDate "2003.07.01"]

1. e4 e5 2. d4 Nc6 3. Nf3 exd4 4. Nxd4 Qh4 5. Nc3 Bb4 6. Qd3 Nf6 7. Ndb5 Qxe4+
8. Qxe4+ Nxe4 9. Nxc7+ Kd8 10. N7d5 Nxc3 11. Nxc3 d5 12. Bd2 Re8+ 13. Ne2 Bc5
14. f3 Nd4 15. Kd1 Nf5 16. Nc3 Be6 17. Bb5 Re7 18. Re1 Bf2 19. Re2 Bg1 20. Bf4
d4 21. Rd2 a6 22. Ba4 Kc8 23. Ne4 Be3 24. Bxe3 dxe3 25. Rd3 Nh4 26. Rxe3 Nxg2
27. Rc3+ Rc7 28. Nd6+ Kd8 29. Rxc7 Kxc7 30. Ne8+ Kb6 31. Nxg7 Bd5 32. Ke2 Nh4
33. Kf2 Rg8 34. Ne8 Rg2+ 35. Ke3 Bxf3 36. Nf6 Rxh2 37. Nxh7 Re2+ 38. Kd3 Ng6
39. Ng5 Ne5+ 40. Kd4 Bh5 41. Rf1 Bg6 42. Kc3 Rg2 43. Rf6+ Ka7 44. Ne6 fxe6 45.
Rxe6 Rg3+ 46. Kd4 Nf3+ 47. Ke3 Ng5+ 48. Kf4 Nxe6+ 49. Kxg3 Nc5 50. Bb3 Nxb3 51.
cxb3 Bb1 52. a3 Kb6 53. Kf4 Kc5 54. Ke3 Bc2 55. Kd2 Bxb3 56. Kc3 Bc4 57. b4+
Kd5 58. Kd2 Kd4 59. Kc2 b5 60. Kd2 Bb3 61. Kc1 Kc3 62. Kb1 Bc4 63. Ka1 Kb3 64.
Kb1 Kxa3 65. Ka1 Kxb4 66. Kb2 a5 67. Kc2 a4 68. Kb2 a3+ 69. Kb1 Kc3 70. Ka1 b4
71. Kb1 b3 72. Ka1 b2+ 0-1

[Event "C.to Italiano U16"]
[Site "Arvier ITA"]
[Date "2003.07.02"]
[Round "3"]
[White "Fossati, Remigio"]
[Black "Chinello, Gianmarco"]
[Result "1/2-1/2"]
[WhiteElo "2201"]
[BlackElo "1681"]
[PlyCount "84"]
[EventDate "2003.07.01"]

1. e4 e5 2. Nf3 Nc6 3. Bb5 f5 4. Nc3 fxe4 5. Nxe4 d5 6. Nxe5 dxe4 7. Nxc6 Qg5
8. Qe2 Nf6 9. f4 Qxf4 10. d4 Qh4+ 11. g3 Qh3 12. Ne5+ c6 13. Bc4 Be6 14. Bg5
Be7 15. O-O-O Bg4 16. Nxg4 Qxg4 17. Qxg4 Nxg4 18. Bxe7 Kxe7 19. Rhe1 Kd7 20. d5
Nf6 21. c3 Rhe8 22. Bb3 Re5 23. dxc6+ Kxc6 24. Rd4 Rae8 25. Bc2 R8e7 26. Re3 h6
27. a4 a5 28. b4 b6 29. h3 Kc7 30. Kd2 Rd7 31. Rxd7+ Kxd7 32. g4 axb4 33. cxb4
Nd5 34. Rxe4 Rxe4 35. Bxe4 Nxb4 36. Kc3 Na6 37. Bd3 Nc7 38. Kd4 Kd6 39. Bc4
Ne6+ 40. Bxe6 Kxe6 41. h4 g6 42. Ke4 h5 1/2-1/2

[Event "C.to Italiano U16"]
[Site "Arvier ITA"]
[Date "2003.07.02"]
[Round "3"]
[White "Navarro, Stefano"]
[Black "Ravotto, Luca"]
[Result "1/2-1/2"]
[WhiteElo "2125"]
[BlackElo "1642"]
[PlyCount "68"]
[EventDate "2003.07.01"]

1. e4 d5 2. exd5 Qxd5 3. Nc3 Qa5 4. d4 Nf6 5. Bd2 Bg4 6. Nf3 Nbd7 7. Bc4 c6 8.
Qe2 e6 9. O-O-O Bb4 10. h3 Bxf3 11. Qxf3 O-O 12. Kb1 Nd5 13. Ne4 Bxd2 14. Nxd2
b5 15. Bb3 Qb6 16. c4 Ne7 17. cxb5 cxb5 18. Ne4 Rad8 19. g4 a5 20. Nc3 a4 21.
Bc2 a3 22. Qd3 g6 23. Qxb5 Qc7 24. Bb3 Rb8 25. Qd3 axb2 26. Kxb2 Rfc8 27. Rc1
Qa5 28. Rc2 Ra8 29. Kc1 Nf6 30. Kb1 Rcb8 31. Rb2 Nfd5 32. Nxd5 Nxd5 33. Rc1 Nb4
34. Qd2 Qa3 1/2-1/2

[Event "C.to Italiano U16"]
[Site "Arvier ITA"]
[Date "2003.07.02"]
[Round "3"]
[White "Vecchi, Eugenio"]
[Black "Danieli, Riccardo"]
[Result "1-0"]
[WhiteElo "1798"]
[BlackElo "1585"]
[PlyCount "87"]
[EventDate "2003.07.01"]

1. c4 c5 2. Nc3 Nf6 3. g3 g6 4. Bg2 Bg7 5. a3 Nc6 6. Rb1 a5 7. e3 Ne5 8. d3 d6
9. Nge2 Rb8 10. O-O Bg4 11. f3 Bf5 12. e4 Bd7 13. b4 cxb4 14. axb4 Qb6+ 15. Kh1
axb4 16. Nf4 Qa5 17. Ncd5 Nc6 18. Bd2 Nxd5 19. cxd5 Ne5 20. Rxb4 Qa6 21. Bc3
O-O 22. Qd2 b5 23. Ra1 Qc8 24. Rc1 Qb7 25. Rcb1 Rfc8 26. d4 Nc4 27. Qe1 Qb6 28.
Bf1 Qc7 29. Bxc4 bxc4 30. Rxb8 Rxb8 31. Rxb8+ Qxb8 32. e5 Bf5 33. e6 Qb1 34.
Qxb1 Bxb1 35. Kg2 Bh6 36. Nh3 Kg7 37. Nf2 Bc1 38. Kf1 h5 39. Ne4 Bxe4 40. fxe4
Kf6 41. e5+ dxe5 42. dxe5+ Kg7 43. d6 exd6 44. e7 1-0

[Event "C.to Italiano U16"]
[Site "Arvier ITA"]
[Date "2003.07.03"]
[Round "4"]
[White "Battaglia, Edoardo"]
[Black "Scollo, Vincenzo"]
[Result "1-0"]
[WhiteElo "1642"]
[BlackElo "1759"]
[PlyCount "69"]
[EventDate "2003.07.01"]

1. e4 c5 2. Nc3 d6 3. g3 Nc6 4. Bg2 e6 5. d3 g6 6. Be3 Bg7 7. Qd2 a6 8. f4 Nge7
9. Nge2 b6 10. O-O O-O 11. d4 d5 12. e5 c4 13. g4 Bd7 14. Ng3 Kh8 15. f5 f6 16.
g5 Nxf5 17. Nxf5 gxf5 18. gxf6 Bxf6 19. exf6 Qxf6 20. Ne2 Rg8 21. Nf4 Ne7 22.
Kh1 Rg4 23. Bf3 Rgg8 24. Rg1 Ng6 25. Nh5 Qe7 26. Bg5 Qf7 27. Bf6+ Rg7 28. Bxg7+
Kg8 29. Qh6 Qe7 30. Bf6 Qf7 31. Be5 Bc6 32. Nf6+ Kh8 33. Nxh7+ Kg8 34. Rxg6+
Qxg6 35. Qxg6# 1-0

[Event "C.to Italiano U16"]
[Site "Arvier ITA"]
[Date "2003.07.03"]
[Round "4"]
[White "Bove, Alessandro"]
[Black "Vecchi, Eugenio"]
[Result "1-0"]
[WhiteElo "2129"]
[BlackElo "1798"]
[PlyCount "43"]
[EventDate "2003.07.01"]

1. e4 g6 2. d4 Bg7 3. Be3 d6 4. Nc3 Nf6 5. Be2 O-O 6. Qd2 Re8 7. O-O-O e5 8. d5
Bd7 9. Bg5 c6 10. h4 Qa5 11. h5 cxd5 12. Bxf6 d4 13. Bxg7 dxc3 14. Qh6 cxb2+
15. Kb1 Be6 16. c4 Bxc4 17. Bxc4 Qa4 18. hxg6 Qxd1+ 19. Kxb2 Qd4+ 20. Kb3 Qb6+
21. Kc2 Qxf2+ 22. Ne2 1-0

[Event "C.to Italiano U16"]
[Site "Arvier ITA"]
[Date "2003.07.03"]
[Round "4"]
[White "Chinello, Gianmarco"]
[Black "Navarro, Stefano"]
[Result "0-1"]
[WhiteElo "1681"]
[BlackElo "2125"]
[PlyCount "68"]
[EventDate "2003.07.01"]

1. e4 e5 2. Nf3 Nc6 3. d4 exd4 4. Bc4 Nf6 5. O-O Bc5 6. e5 d5 7. exf6 dxc4 8.
fxg7 Rg8 9. Bg5 Be7 10. Bxe7 Kxe7 11. Qe2+ Be6 12. Ne5 Rxg7 13. Nxc6+ bxc6 14.
f4 Kf8 15. Nd2 Bd5 16. Rf2 Qe7 17. Re1 Re8 18. Qxe7+ Rxe7 19. Rxe7 Kxe7 20. Nf3
c5 21. g3 Rg8 22. Re2+ Kd6 23. Ng5 h6 24. Ne4+ Bxe4 25. Rxe4 Rb8 26. b3 cxb3
27. axb3 d3 28. cxd3 Rxb3 29. Re8 Kd7 30. Rf8 Rxd3 31. Rxf7+ Kc6 32. f5 c4 33.
Kg2 c3 34. Re7 c2 0-1

[Event "C.to Italiano U16"]
[Site "Arvier ITA"]
[Date "2003.07.03"]
[Round "4"]
[White "Gorini, Tommaso"]
[Black "Santagati, Alessandro"]
[Result "0-1"]
[WhiteElo "1801"]
[BlackElo "2184"]
[PlyCount "80"]
[EventDate "2003.07.01"]

1. e4 c5 2. Nc3 e6 3. g3 d5 4. exd5 exd5 5. d4 Nc6 6. Bg2 Nxd4 7. Nxd5 Bf5 8.
Ne3 Qe7 9. Kf1 Be4 10. c3 Nc6 11. Bxe4 Qxe4 12. Qf3 Nf6 13. Qxe4+ Nxe4 14. Nd5
O-O-O 15. c4 Ne7 16. Ne3 g6 17. f3 Nf6 18. Nh3 Bg7 19. Ke2 Nc6 20. Ng5 Rd7 21.
Bd2 b6 22. Nh3 Nd4+ 23. Kf2 Nxf3 24. Bc3 Nd4 25. Rad1 Re8 26. Rhe1 Ne4+ 27. Kg2
Nxc3 28. bxc3 Rde7 29. cxd4 Rxe3 30. Rxe3 Rxe3 31. dxc5 Re2+ 32. Kf3 Rxa2 33.
Nf4 Rc2 34. Nd5 Rxc4 35. Ne7+ Kc7 36. Rd5 Bf8 37. Re5 Kd7 38. Nd5 Rxc5 39. Nf6+
Kc6 40. Re8 Rf5+ 0-1

[Event "C.to Italiano U16"]
[Site "Arvier ITA"]
[Date "2003.07.03"]
[Round "4"]
[White "Mora, Lorenzo"]
[Black "Nardi, Marco"]
[Result "0-1"]
[WhiteElo "1732"]
[BlackElo "1791"]
[PlyCount "88"]
[EventDate "2003.07.01"]

1. d4 d5 2. c4 c6 3. Nc3 Nf6 4. Nf3 a6 5. e3 b5 6. b3 Bf5 7. Be2 e6 8. O-O Nbd7
9. c5 Be7 10. Bd2 O-O 11. Nh4 Bg6 12. Nxg6 hxg6 13. Bd3 e5 14. Re1 Qc7 15. b4
a5 16. bxa5 b4 17. Na4 Qxa5 18. Bc2 Ne4 19. Rb1 Rfb8 20. f3 Nxd2 21. Qxd2 Qb5
22. Rb2 Rxa4 23. Bxa4 Qxa4 24. Reb1 exd4 25. Rxb4 Rxb4 26. Rxb4 dxe3 27. Qe1
Qxa2 28. Rb7 Qd2 29. Kf1 Qd3+ 30. Qe2 Qf5 31. Qxe3 Bxc5 32. g4 Bxe3 33. gxf5
Nf8 34. Ke2 Bg1 35. Rc7 c5 36. Kf1 Bd4 37. Rc8 gxf5 38. Rd8 g6 39. Rxd5 Ne6 40.
Rd7 c4 41. Ke2 c3 42. Rd6 Be5 43. Rd1 c2 44. Rc1 Bf4 0-1

[Event "C.to Italiano U16"]
[Site "Arvier ITA"]
[Date "2003.07.03"]
[Round "4"]
[White "Ravotto, Luca"]
[Black "Fossati, Remigio"]
[Result "0-1"]
[WhiteElo "1642"]
[BlackElo "2201"]
[PlyCount "68"]
[EventDate "2003.07.01"]

1. e4 c5 2. Nc3 e6 3. g3 Nc6 4. Bg2 g6 5. f4 Bg7 6. Nf3 Nge7 7. O-O O-O 8. d3
d5 9. Rb1 Rb8 10. Qd2 Qa5 11. a3 b5 12. b4 Qb6 13. Kh1 a5 14. bxa5 Qxa5 15. Ne2
dxe4 16. dxe4 Qa7 17. c3 Na5 18. Nh4 Nc4 19. Qc2 f5 20. a4 Bd7 21. axb5 Bxb5
22. exf5 exf5 23. Re1 Rfd8 24. Rd1 Qa5 25. Rxd8+ Qxd8 26. Ra1 Nd5 27. Bf3 Kh8
28. Ng2 Nb4 29. Qb3 Nd3 30. Qc2 Nxc1 31. Rxc1 Qe8 32. Ng1 Ne3 33. Nxe3 Qxe3 34.
Bg2 Ba4 0-1

[Event "C.to Italiano U16"]
[Site "Arvier ITA"]
[Date "2003.07.04"]
[Round "5"]
[White "Carlini, Francesco"]
[Black "Frilli, Guido"]
[Result "0-1"]
[WhiteElo "1588"]
[BlackElo "2071"]
[PlyCount "122"]
[EventDate "2003.07.01"]

1. Nf3 d5 2. g3 Bg4 3. Bg2 c6 4. b3 Nd7 5. Bb2 Ngf6 6. O-O e6 7. d3 Be7 8. c4
O-O 9. Nbd2 a5 10. a3 b5 11. Ne5 Nxe5 12. Bxe5 Qb6 13. Bf3 Bxf3 14. Nxf3 Ng4
15. h3 Nxe5 16. Nxe5 Rfd8 17. Qc2 Bf6 18. c5 Qc7 19. d4 Bxe5 20. dxe5 Qxe5 21.
e3 Rd7 22. Rfd1 Rad8 23. b4 a4 24. Rd4 Qf6 25. Rad1 e5 26. R4d3 Qe6 27. Kh2 f5
28. Qd2 Rf7 29. Re1 Re8 30. Qe2 Rf6 31. Rd2 Rh6 32. f4 exf4 33. exf4 Kf7 34.
Kg2 Qxe2+ 35. Rdxe2 Rhe6 36. Kf2 Re4 37. Rxe4 Rxe4 38. Rxe4 fxe4 39. Ke3 Kf6
40. g4 g5 41. f5 Ke5 42. Ke2 d4 43. Kd2 d3 44. Ke3 h6 45. Kd2 Kd4 46. f6 e3+
47. Kd1 Kc3 48. f7 e2+ 49. Ke1 Kc2 50. f8=Q d2+ 51. Kxe2 d1=Q+ 52. Kf2 Qd4+ 53.
Kg2 Qd5+ 54. Kf2 Kb3 55. Qd6 Qe4 56. Qxh6 Kxa3 57. Qxg5 Kxb4 58. h4 a3 59. Qd2+
Kb3 60. h5 a2 61. Qd1+ Qc2+ 0-1

[Event "C.to Italiano U16"]
[Site "Arvier ITA"]
[Date "2003.07.04"]
[Round "5"]
[White "Fossati, Remigio"]
[Black "Battaglia, Edoardo"]
[Result "1-0"]
[WhiteElo "2201"]
[BlackElo "1642"]
[PlyCount "89"]
[EventDate "2003.07.01"]

1. e4 c6 2. d4 d5 3. e5 Bf5 4. Nf3 e6 5. Be2 Nd7 6. O-O Ne7 7. b3 c5 8. Ba3 Nc6
9. c4 dxc4 10. Bxc4 Be7 11. d5 Ncxe5 12. dxe6 Bxe6 13. Bxe6 fxe6 14. Nxe5 Nxe5
15. Qh5+ Ng6 16. Nc3 O-O 17. Rae1 Rf5 18. Qe2 Nf4 19. Qe4 Qd4 20. Qxb7 Raf8 21.
Ne2 Nxe2+ 22. Rxe2 Bd6 23. g3 Rf3 24. Bb2 Qg4 25. Qe4 Qxe4 26. Rxe4 Rd3 27.
Rxe6 Bc7 28. Re7 Rf7 29. Rfe1 Rd2 30. Re8+ Rf8 31. Rxf8+ Kxf8 32. Bxg7+ Kxg7
33. Re7+ Kg6 34. Rxc7 Rxa2 35. Rxc5 a5 36. g4 a4 37. bxa4 Rxa4 38. h3 h6 39.
Kg2 Rf4 40. Kg3 Rf6 41. h4 Rf7 42. f4 Ra7 43. Rc6+ Kg7 44. h5 Ra3+ 45. Kh4 1-0

[Event "C.to Italiano U16"]
[Site "Arvier ITA"]
[Date "2003.07.04"]
[Round "5"]
[White "Nardi, Marco"]
[Black "Bove, Alessandro"]
[Result "0-1"]
[WhiteElo "1791"]
[BlackElo "2129"]
[PlyCount "92"]
[EventDate "2003.07.01"]

1. e4 e5 2. d4 Nc6 3. d5 Nce7 4. g3 d6 5. Bg2 Nf6 6. Nc3 Ng6 7. Qd3 Nd7 8. Be3
Be7 9. h4 h5 10. Bh3 c5 11. Nf3 a6 12. Bf5 Ngf8 13. a4 Qa5 14. Bd2 Nf6 15. Bxc8
Rxc8 16. Nb5 Qd8 17. Na3 N8d7 18. Nc4 b5 19. axb5 axb5 20. Na5 Qb6 21. Nc6 Rxc6
22. dxc6 Qxc6 23. Ng5 c4 24. Qa3 O-O 25. f3 Nc5 26. O-O d5 27. exd5 Nxd5 28.
Bb4 Re8 29. Kh2 Nxb4 30. Qxb4 Nb3 31. Qc3 Nxa1 32. Rxa1 b4 33. Qe3 Bc5 34. Qe2
Bb6 35. Rd1 c3 36. bxc3 bxc3 37. f4 exf4 38. Qxh5 fxg3+ 39. Kh3 Qc8+ 40. Kg2
Qf5 41. Rf1 Qxc2+ 42. Kh3 Qh2+ 43. Kg4 Qe2+ 44. Rf3 Re4+ 45. Nxe4 Qxe4+ 46. Kh3
g6 0-1

[Event "C.to Italiano U16"]
[Site "Arvier ITA"]
[Date "2003.07.04"]
[Round "5"]
[White "Navarro, Stefano"]
[Black "Santagati, Alessandro"]
[Result "1/2-1/2"]
[WhiteElo "2125"]
[BlackElo "2184"]
[PlyCount "95"]
[EventDate "2003.07.01"]

1. e4 c5 2. Nf3 d6 3. d4 cxd4 4. Nxd4 Nf6 5. Nc3 a6 6. f4 e6 7. Be2 Be7 8. O-O
O-O 9. a4 Nc6 10. Be3 Bd7 11. Nb3 Na5 12. Nxa5 Qxa5 13. Qe1 Qb4 14. e5 dxe5 15.
fxe5 Bc5 16. exf6 Bxe3+ 17. Kh1 Bh6 18. Bd3 Bc6 19. Ra3 Kh8 20. fxg7+ Bxg7 21.
Qg3 f5 22. Rb3 Qc5 23. Qe1 Rg8 24. Rf2 Bd4 25. Rd2 Rg6 26. Bf1 Rag8 27. Qh4 Bf6
28. Qf2 Qe5 29. Re2 Qd6 30. Rd2 Qb8 31. Nd1 Rh6 32. h3 Bxa4 33. Ra3 Bc6 34.
Rdd3 Be4 35. Rd7 Qc8 36. Rd2 Bg5 37. Rc3 Qe8 38. Re2 Rh4 39. Rg3 Bf6 40. Nc3
Bc6 41. Rxg8+ Qxg8 42. Kh2 Qg7 43. Rxe6 Be5+ 44. g3 Bd7 45. Rb6 Bc6 46. Ne2 Re4
47. Rb3 Qg5 48. Rf3 1/2-1/2

[Event "C.to Italiano U16"]
[Site "Arvier ITA"]
[Date "2003.07.04"]
[Round "5"]
[White "Vecchi, Eugenio"]
[Black "Trevisani, Emilio"]
[Result "1-0"]
[WhiteElo "1798"]
[BlackElo "1591"]
[PlyCount "61"]
[EventDate "2003.07.01"]

1. c4 c5 2. Nc3 Nc6 3. g3 g6 4. Bg2 Bg7 5. a3 a5 6. d3 Nf6 7. Nf3 O-O 8. O-O
Rb8 9. Nb5 e5 10. Bd2 d5 11. Bc3 d4 12. Bd2 Ne8 13. Rb1 Nd6 14. Nxd6 Qxd6 15.
Ng5 f5 16. Bd5+ Kh8 17. Nf7+ Rxf7 18. Bxf7 Be6 19. Bxe6 Qxe6 20. b4 Bf6 21.
bxc5 g5 22. e3 g4 23. Rb6 Bd8 24. Rb2 h5 25. Qe2 h4 26. e4 h3 27. exf5 Qxf5 28.
Rfb1 Qd7 29. Qe4 Qg7 30. Rb5 Na7 31. Rxb7 1-0

[Event "C.to Italiano U16"]
[Site "Arvier ITA"]
[Date "2003.07.04"]
[Round "6"]
[White "Armentano, Alessio"]
[Black "Navarro, Stefano"]
[Result "0-1"]
[WhiteElo "1768"]
[BlackElo "2125"]
[PlyCount "102"]
[EventDate "2003.07.01"]

1. e4 e5 2. Nf3 Nc6 3. Bb5 f5 4. Nc3 fxe4 5. Nxe4 d5 6. Nxe5 dxe4 7. Nxc6 Qg5
8. Qe2 Nf6 9. f4 Qxf4 10. d4 Qh4+ 11. g3 Qh3 12. Ne5+ c6 13. Bc4 Be6 14. Be3
Bd6 15. Bxe6 Qxe6 16. Nc4 Bc7 17. a3 Qh3 18. O-O-O O-O 19. Ne5 Qe6 20. Qc4 Nd5
21. Rhf1 Rae8 22. Bg1 Rxf1 23. Rxf1 Bxe5 24. dxe5 Qxe5 25. Bxa7 Qg5+ 26. Kb1 e3
27. Re1 Kh8 28. Bd4 Qg4 29. Qd3 e2 30. c4 Nc7 31. Bb6 Na6 32. Bd4 Qe6 33. Bc3
Nc5 34. Qc2 Ne4 35. Ba5 Ng5 36. Qd3 Ne4 37. Ka1 Nc5 38. Qc3 Qe4 39. Ka2 Nd3 40.
Kb3 Nxe1 41. Qxe1 Qd3+ 42. Bc3 Qd1+ 43. Ka2 Rd8 44. Qf2 Qd3 45. Qf7 Qg6 46. Qf2
Re8 47. h4 Qe6 48. Qd4 Qe5 49. Qxe5 Rxe5 50. Be1 Rf5 51. Kb3 Rf1 0-1

[Event "C.to Italiano U16"]
[Site "Arvier ITA"]
[Date "2003.07.04"]
[Round "6"]
[White "Bove, Alessandro"]
[Black "Fossati, Remigio"]
[Result "1/2-1/2"]
[WhiteElo "2129"]
[BlackElo "2201"]
[PlyCount "125"]
[EventDate "2003.07.01"]

1. e4 c5 2. b4 e6 3. bxc5 Bxc5 4. d4 Be7 5. Bd3 d6 6. f4 e5 7. d5 exf4 8. Bxf4
Bf6 9. c3 Ne7 10. Ne2 Ng6 11. O-O Nd7 12. Kh1 Nxf4 13. Nxf4 g6 14. Qc2 O-O 15.
Nd2 Ne5 16. Nc4 Bg7 17. Nxe5 Bxe5 18. Rac1 Bd7 19. c4 Rc8 20. Qf2 Rc5 21. Qe3
Ra5 22. Bb1 Qb6 23. Qxb6 axb6 24. Nd3 Bd4 25. Rfe1 f6 26. Re2 Rc8 27. Nf4 Kf7
28. Bd3 Ra3 29. Bb1 b5 30. Ne6 Bxe6 31. dxe6+ Kxe6 32. Rec2 b4 33. Rd1 Bc3 34.
Re2 Rxc4 35. Bc2 Rd4 36. Rxd4 Bxd4 37. Bb3+ Ke5 38. g3 Ra5 39. Kg2 Rc5 40. Bg8
h6 41. Bf7 g5 42. Bd5 b6 43. g4 Rc3 44. Rd2 Rc5 45. Bb7 d5 46. Bxd5 Rxd5 47.
exd5 Kxd5 48. Kf3 Kc4 49. Ke4 Bc3 50. Rd6 Kb5 51. Rd8 b3 52. axb3 Kb4 53. Kf5
Kxb3 54. Rb8 Bd4 55. Rd8 Kc4 56. Ke4 Be5 57. Rc8+ Kb4 58. Kd3 Kb3 59. h3 b5 60.
Rc6 b4 61. Rb6 Bc3 62. Ra6 Be1 63. Rb6 1/2-1/2

[Event "C.to Italiano U16"]
[Site "Arvier ITA"]
[Date "2003.07.04"]
[Round "6"]
[White "Frilli, Guido"]
[Black "Manconi, Antonio"]
[Result "1-0"]
[WhiteElo "2071"]
[BlackElo "1576"]
[PlyCount "121"]
[EventDate "2003.07.01"]

1. e4 e5 2. d4 exd4 3. Qxd4 Nc6 4. Qe3 Nf6 5. e5 Ng4 6. Qe4 d5 7. exd6+ Be6 8.
Be2 Nf6 9. dxc7 Qxc7 10. Qa4 O-O-O 11. Be3 Nb4 12. Na3 a6 13. c3 b5 14. Nxb5
axb5 15. Qa8+ Kd7 16. Bxb5+ Nc6 17. Qa6 Nd5 18. Rd1 Bd6 19. Qa4 Nxe3 20. fxe3
Ra8 21. Qe4 Rhe8 22. c4 Qb6 23. Qe5 Qxe3+ 24. Qxe3 Bxc4 25. Bxc4 Rxe3+ 26. Kf2
Re7 27. Nf3 Kc7 28. Rhe1 Rae8 29. Rxe7+ Rxe7 30. Bb5 Ne5 31. h3 Nxf3 32. Kxf3
Kb6 33. a4 Bb4 34. Rd4 Bc5 35. Rc4 Re3+ 36. Kf4 Rb3 37. Rc2 Bd4 38. Rc6+ Kb7
39. Rd6 Bf6 40. Rd7+ Kb6 41. Rxf7 Rxb2 42. g4 Rf2+ 43. Ke4 h6 44. h4 Bxh4 45.
Rxg7 Bg5 46. Rg6+ Kc5 47. Bd7 Rf6 48. Rg8 Rf2 49. Ra8 Re2+ 50. Kf5 Rf2+ 51. Kg6
Rf4 52. a5 Rd4 53. Bf5 Ra4 54. a6 Kb6 55. Bc8 Be3 56. Kh5 Kc7 57. Bb7 Kd6 58.
Re8 Ra3 59. Rxe3 Rxe3 60. a7 Rh3+ 61. Kg6 1-0

[Event "C.to Italiano U16"]
[Site "Arvier ITA"]
[Date "2003.07.04"]
[Round "6"]
[White "Mora, Lorenzo"]
[Black "Vecchi, Eugenio"]
[Result "0-1"]
[WhiteElo "1732"]
[BlackElo "1798"]
[PlyCount "98"]
[EventDate "2003.07.01"]

1. d4 Nf6 2. c4 e6 3. Nc3 Bb4 4. Bd2 c5 5. e3 O-O 6. Nf3 d5 7. Be2 Nc6 8. a3
Bxc3 9. Bxc3 cxd4 10. Nxd4 Ne4 11. Qc2 Nxc3 12. Qxc3 Nxd4 13. Qxd4 dxc4 14.
Qxc4 Qb6 15. Qb5 Qxb5 16. Bxb5 a6 17. Ba4 b5 18. Bb3 Bb7 19. O-O Rfd8 20. Rfd1
Rac8 21. h3 Kf8 22. a4 b4 23. a5 Ke7 24. Rac1 Rxd1+ 25. Rxd1 Rc5 26. Ba4 Rxa5
27. Rd7+ Kf6 28. Rxb7 Rxa4 29. Kh2 a5 30. Kg3 Ra2 31. b3 g6 32. Rb5 h6 33. Kf3
Ke7 34. Rb7+ Kf6 35. Rb5 g5 36. g4 Rb2 37. Rxa5 Rxb3 38. Rb5 Rb2 39. Kg3 b3 40.
Kg2 Rb1 41. f4 b2 42. Kh2 Re1 43. Rxb2 Rxe3 44. Rf2 gxf4 45. Rxf4+ Kg6 46. h4
f6 47. Kg2 Rd3 48. h5+ Kg5 49. Rc4 e5 0-1

[Event "C.to Italiano U16"]
[Site "Arvier ITA"]
[Date "2003.07.04"]
[Round "6"]
[White "Santagati, Alessandro"]
[Black "Gasparroni, Riccardo"]
[Result "1-0"]
[WhiteElo "2184"]
[BlackElo "1560"]
[PlyCount "39"]
[EventDate "2003.07.01"]

1. d4 d5 2. c4 c6 3. Nc3 e6 4. Nf3 Nf6 5. Bg5 dxc4 6. e4 b5 7. e5 h6 8. Bh4 g5
9. Nxg5 hxg5 10. Bxg5 Be7 11. exf6 Bxf6 12. Be3 Bb7 13. a4 a6 14. Qg4 Rh4 15.
Qg8+ Ke7 16. Qg3 Nd7 17. Bf4 Qh8 18. Ne4 Rg8 19. Qa3+ Kd8 20. Nd6 1-0

[Event "C.to Italiano U16"]
[Site "Arvier ITA"]
[Date "2003.07.05"]
[Round "7"]
[White "Battaglia, Edoardo"]
[Black "Boscolo, Marco"]
[Result "1-0"]
[WhiteElo "1642"]
[BlackElo "1567"]
[PlyCount "67"]
[EventDate "2003.07.01"]

1. e4 c5 2. Nc3 Nc6 3. g3 g6 4. Bg2 Bg7 5. d3 d6 6. Be3 e6 7. Qd2 Nge7 8. Bh6
O-O 9. h4 f6 10. Bxg7 Kxg7 11. h5 g5 12. h6+ Kh8 13. f4 Ng6 14. O-O-O g4 15.
Nge2 Nd4 16. Qe3 Qb6 17. Kb1 Bd7 18. Rhg1 Rae8 19. Qf2 Rc8 20. f5 exf5 21. Nd5
Qd8 22. Nxd4 cxd4 23. Qxd4 Ne5 24. Ne3 Qc7 25. Rge1 Be6 26. exf5 Bf7 27. Bd5
Qa5 28. Bxf7 Rxf7 29. Nxg4 Nc6 30. Qc3 Qd8 31. Qb3 Qd7 32. Qe6 Qc7 33. c3 Nd8
34. Qe8+ 1-0